Countin' to 300 Quiz Stats

 Plays Quiz not verified by Sporcle

Also try: Famous Sidekicks
Challenge
Share
Tweet
Embed
Score 0/301 Timer 17:00
0 Plays Today
% Correct
???
100%
???
82.4%
???
70.6%
???
70.6%
???
70.6%
???
70.6%
???
70.6%
???
64.7%
???
64.7%
???
58.8%
???
58.8%
???
58.8%
???
58.8%
???
58.8%
???
58.8%
???
58.8%
???
58.8%
???
58.8%
???
58.8%
???
58.8%
???
58.8%
???
58.8%
???
52.9%
???
52.9%
???
52.9%
???
52.9%
???
52.9%
???
52.9%
???
52.9%
???
52.9%
???
52.9%
???
52.9%
???
52.9%
???
52.9%
???
52.9%
???
52.9%
???
52.9%
???
52.9%
???
52.9%
???
52.9%
???
52.9%
???
52.9%
???
52.9%
???
52.9%
???
52.9%
???
52.9%
???
52.9%
???
52.9%
???
47.1%
???
47.1%
???
47.1%
???
41.2%
???
35.3%
???
35.3%
???
35.3%
???
35.3%
???
35.3%
???
35.3%
???
35.3%
???
35.3%
???
35.3%
???
35.3%
???
35.3%
???
35.3%
???
35.3%
???
35.3%
???
35.3%
???
35.3%
???
35.3%
???
35.3%
???
35.3%
???
35.3%
???
35.3%
???
35.3%
???
35.3%
???
35.3%
???
35.3%
???
35.3%
???
35.3%
???
29.4%
???
29.4%
???
29.4%
???
29.4%
???
23.5%
???
23.5%
???
23.5%
???
23.5%
???
23.5%
???
23.5%
???
17.6%
???
17.6%
???
17.6%
???
17.6%
???
17.6%
???
17.6%
???
17.6%
???
17.6%
???
17.6%
???
17.6%
???
17.6%
???
17.6%
% Correct
???
17.6%
???
17.6%
???
17.6%
???
17.6%
???
17.6%
???
17.6%
???
17.6%
???
17.6%
???
17.6%
???
17.6%
???
17.6%
???
17.6%
???
17.6%
???
17.6%
???
11.8%
???
11.8%
???
11.8%
???
11.8%
???
11.8%
???
11.8%
???
11.8%
???
11.8%
???
11.8%
???
11.8%
???
11.8%
???
11.8%
???
11.8%
???
11.8%
???
11.8%
???
11.8%
???
11.8%
???
11.8%
???
11.8%
???
11.8%
???
11.8%
???
11.8%
???
11.8%
???
11.8%
???
11.8%
???
11.8%
???
11.8%
???
5.9%
???
5.9%
???
5.9%
???
5.9%
???
5.9%
???
5.9%
???
5.9%
???
5.9%
???
5.9%
???
5.9%
???
5.9%
???
5.9%
???
5.9%
???
5.9%
???
5.9%
???
5.9%
???
5.9%
???
5.9%
???
5.9%
???
5.9%
???
5.9%
???
5.9%
???
5.9%
???
5.9%
???
5.9%
???
5.9%
???
5.9%
???
5.9%
???
5.9%
???
5.9%
???
5.9%
???
5.9%
???
5.9%
???
5.9%
???
5.9%
???
5.9%
???
5.9%
???
5.9%
???
5.9%
???
5.9%
???
5.9%
???
5.9%
???
5.9%
???
5.9%
???
5.9%
???
5.9%
???
5.9%
???
5.9%
???
5.9%
???
5.9%
???
5.9%
???
5.9%
???
5.9%
???
5.9%
???
5.9%
???
5.9%
???
5.9%
???
5.9%
???
5.9%
???
5.9%
% Correct
???
5.9%
???
5.9%
???
5.9%
???
5.9%
???
5.9%
???
5.9%
???
5.9%
???
5.9%
???
5.9%
???
5.9%
???
5.9%
???
5.9%
???
5.9%
???
5.9%
???
5.9%
???
5.9%
???
5.9%
???
5.9%
???
5.9%
???
5.9%
???
5.9%
???
5.9%
???
5.9%
???
5.9%
???
5.9%
???
5.9%
???
5.9%
???
5.9%
???
0%
???
0%
???
0%
???
0%
???
0%
???
0%
???
0%
???
0%
???
0%
???
0%
???
0%
???
0%
???
0%
???
0%
???
0%
???
0%
???
0%
???
0%
???
0%
???
0%
???
0%
???
0%
???
0%
???
0%
???
0%
???
0%
???
0%
???
0%
???
0%
???
0%
???
0%
???
0%
???
0%
???
0%
???
0%
???
0%
???
0%
???
0%
???
0%
???
0%
???
0%
???
0%
???
0%
???
0%
???
0%
???
0%
???
0%
???
0%
???
0%
???
0%
???
0%
???
0%
???
0%
???
0%
???
0%
???
0%
???
0%
???
0%
???
0%
???
0%
???
0%
???
0%
???
0%
???
0%
???
0%
???
0%
???
0%
???
0%
???
0%
???
0%
???
0%

You're not logged in!

Compare scores with friends on all Sporcle quizzes.
Join for Free
OR
Log In

You Might Also Like...

Show Comments

Extras

Created Jul 24, 2016ReportNominate
Tags:300, counting

Top Quizzes Today


Score Distribution

Your Account Isn't Verified!

In order to create a playlist on Sporcle, you need to verify the email address you used during registration. Go to your Sporcle Settings to finish the process.

Report this User

Report this user for behavior that violates our Community Guidelines.

Details: